00386nam a2200169Ia 4500008004000000041000800040082001100048100001900059245003800078260004400116650000600160650000600166650000700172650000800179650001300187650001600200210210b1966 xxu||||| |||| 00| 0 eng d aeng a336/28 aASIRVATHAM (A) aU S S R: its economic development aMadrasbRochouse & Sons Pvt Ltd.,c1966 aU aS aR: aits aeconomic adevelopment